| 000 | 00739nam a22002177a 4500 | ||
|---|---|---|---|
| 005 | 20170124110102.0 | ||
| 010 | _a154089 | ||
| 020 | _c00.00 | ||
| 035 | _a154089 | ||
| 037 | _bCen Lib/Ret | ||
| 040 |
_aDPL _bEN |
||
| 082 |
_a954.04 _bMAL |
||
| 100 |
_aMalgonkar, Manohar _926656 |
||
| 245 |
_aKanhoji Angrey, Maratha admiral : _cby Manohar Malgonkar _ban account of his life and his battles with the English / |
||
| 260 |
_aBombay _bAsia Publishing House _c1959 |
||
| 300 |
_a303p. : _c20cm(Hb) _bill. |
||
| 500 | _aIncludes bibliographical references and index | ||
| 650 |
_aKanhoji Angria, -- active 1690-1729 _927289 |
||
| 650 |
_aIndia -- History -- 1500-1765 _927291 |
||
| 942 |
_2ddc _cEN _h954.04 _mMAL |
||
| 999 |
_c129750 _d129750 |
||